Swipke paeunŭn Hanʼgugŏ = Easy learning Korean. Chʻogŭp tŭtki mal hagi /

쉽게 배우는 한국어 = Easy learning Korean. 초급 듣기 말하기
Chi tiết về thư mục
Tác giả khác: U, Hyŏng-sik, Cho, Wi-su, Pak, Sŏng-gyŏng
Định dạng: Sách
Ngôn ngữ:Multiple
Korean
English
Được phát hành: Sŏul : LanguagePLUS, 2007
Những chủ đề:
Classic Catalogue: View this record in Classic Catalogue
LEADER 01489nam a2200325 a 4500
001 0025814
003 BD-DhAAL
008 120826s2007 ko ab 001 0 mul d
020 |a 9788955185324 
020 |a 9788955185331 (set) 
040 |a BD-DhAAL  |c BD-DhAAL 
041 |a kor  |a eng 
082 0 4 |a 495.782  |2 22 
245 1 0 |6 880-01  |a Swipke paeunŭn Hanʼgugŏ =  |b Easy learning Korean.  |p Chʻogŭp tŭtki mal hagi /  |c U Hyŏng-sik, Cho Wi-su, Pak Sŏng-gyŏng kongjŏ. 
246 2 |a Easy learning Korean 
260 |a Sŏul :  |b LanguagePLUS,  |c 2007  
300 |a 318 p. :  |b ill. ;  |c 26 cm. +  |e 1 CD. 
500 |a Includes index. 
541 |a 00025814 
650 0 |a Korean language  |x Study and teaching  |x English speakers  |9 59417 
650 0 |a Korean language  |x Problems, exercises  |9 59418 
700 1 |a U, Hyŏng-sik.  |9 59419 
700 1 |a Cho, Wi-su.  |9 59420 
700 1 |a Pak, Sŏng-gyŏng.  |9 59421 
852 1 |a Ayesha Abed Library  |c General Stacks 
880 |6 245-01  |a 쉽게 배우는 한국어 =  |b Easy learning Korean.  |p 초급 듣기 말하기 
942 |2 ddc  |c BK 
999 |c 12775  |d 12775 
952 |0 0  |1 0  |2 ddc  |4 0  |6 495_782000000000000_SWI  |7 0  |9 21036  |a BRACUL  |b BRACUL  |d 2012-08-28  |e BIL  |g 1074.35  |l 1  |o 495.782 SWI  |p 3010025814  |r 2024-06-23  |s 2024-06-09  |t 1  |w 2012-08-28  |y BK  |x Transferred from King Sejong Institute (BIL) to BRACUL on 11/10/23 
952 |0 0  |1 0  |2 ddc  |4 0  |6 495_782000000000000_SWI  |7 0  |9 21037  |a BRACUL  |b BRACUL  |d 2012-08-28  |e BIL  |g 1074.35  |l 0  |o 495.782 SWI  |p 4010025814  |r 2012-08-28  |t 1  |w 2012-08-28  |y AV